000 00340nam a22001577a 4500
005 20160629164105.0
008 160629b xxu||||| |||| 00| 0 eng d
020 _a06-700-5791-6
041 _aeng
082 _b10847
245 _aProphets of New India
260 _bPenguin
300 _a269
650 _aManagement
_9241
942 _cBK
999 _c4746
_d4744